<?xml version="1.0" encoding="UTF-8"?>
<record
    xmlns:xsi="http://www.w3.org/2001/XMLSchema-instance"
    xsi:schemaLocation="http://www.loc.gov/MARC21/slim http://www.loc.gov/standards/marcxml/schema/MARC21slim.xsd"
    xmlns="http://www.loc.gov/MARC21/slim">

  <leader>01481nam a22001577a 4500</leader>
  <datafield tag="999" ind1=" " ind2=" ">
    <subfield code="c">517708</subfield>
    <subfield code="d">517708</subfield>
  </datafield>
  <controlfield tag="008">210724b           ||||| |||| 00| 0 eng d</controlfield>
  <datafield tag="100" ind1=" " ind2=" ">
    <subfield code="a">Bowman, Ann O&#x2019;M. and McKenzie, James H. </subfield>
    <subfield code="9">27973</subfield>
  </datafield>
  <datafield tag="245" ind1=" " ind2=" ">
    <subfield code="a">Managing a pandemic at a less than global scale: Governors take the lead</subfield>
  </datafield>
  <datafield tag="260" ind1=" " ind2=" ">
    <subfield code="a">American Review of Public Administration  </subfield>
  </datafield>
  <datafield tag="300" ind1=" " ind2=" ">
    <subfield code="a">50(6-7), Aug-Oct, 2020: p.551-559</subfield>
  </datafield>
  <datafield tag="520" ind1=" " ind2=" ">
    <subfield code="a">This article explores the roles played by state governments, and particularly governors, in dealing with an extremely disruptive event&#x2014;the coronavirus global pandemic. The inquiry focuses on March and April 2020, a period characterized by significant public health challenges and severe economic stress. The coronavirus pandemic did not affect states at the same time or with the same intensity and as a consequence, governors varied somewhat in terms of when they acted and which policies they adopted. As shown in the article, gubernatorial interactions with other states were at times cooperative, in other instances they were competitive. Two states&#x2014;Texas and Pennsylvania&#x2014;are singled out for an examination of within-state dynamics. The article ends with brief reflections on the lessons of the coronavirus for public sector management in a federal system of government. - Reproduced 

</subfield>
  </datafield>
  <datafield tag="650" ind1=" " ind2=" ">
    <subfield code="a">Pandemic, Federalism, States, Governors, Policy adoption</subfield>
    <subfield code="9">25689</subfield>
  </datafield>
  <datafield tag="773" ind1=" " ind2=" ">
    <subfield code="a">American Review of Public Administration </subfield>
  </datafield>
  <datafield tag="906" ind1=" " ind2=" ">
    <subfield code="a">COVID 19 PANDEMIC</subfield>
  </datafield>
  <datafield tag="942" ind1=" " ind2=" ">
    <subfield code="c">AR</subfield>
  </datafield>
  <datafield tag="952" ind1=" " ind2=" ">
    <subfield code="0">0</subfield>
    <subfield code="1">0</subfield>
    <subfield code="2">ddc</subfield>
    <subfield code="4">0</subfield>
    <subfield code="7">0</subfield>
    <subfield code="9">391776</subfield>
    <subfield code="a">IIPA</subfield>
    <subfield code="b">IIPA</subfield>
    <subfield code="d">2021-07-24</subfield>
    <subfield code="h">50(6-7), Aug-Oct, 2020: p.551-559</subfield>
    <subfield code="p">AR124969</subfield>
    <subfield code="r">2021-07-24</subfield>
    <subfield code="y">AR</subfield>
  </datafield>
</record>
